000 00780nam a2200289Ia 4500
001 48422
003 IT-RoPAU
008 130308s9999 xx 000 0 und d
040 _aIT-RoPAU
040 _cIT-RoPAU
041 _aITALIANO
100 _aKamper Dietmar
100 _gCodice Aut. SPICS: 18685
245 _aSacrificio del tempo -Dal calendario perpetuo alla quotidianità delle scadenze
245 _bDimensioni del Tempo
250 _a1a ed.
260 _aMILANO
260 _bAngeli Franco
260 _c1987 [1° Ed.:1987 - Ed.Ling.Originale:1987]
300 _a"5 p. (prefazione: no ; testo: 5 [pagine: 143-147])"
650 _aEPISTEMOLOGIA
650 _eCodice materia Spics: 3051
942 _cBK
957 _71
999 _c38844
_d38844
999 _bSI
999 _g1